Tình yêu muôn vẻ trong thơ Tagore Luận văn tốt nghiệp Đại học Sư phạm ngành Ngữ văn khóa 19

Guardat en:
Dades bibliogràfiques
Autor principal: Nguyễn Thị Kim Loan
Format: Llibre
Idioma:Undetermined
Publicat: Cần Thơ Trường Đại học Cần Thơ, Khoa Sư phạm, Bộ môn Ngữ văn 1997
Matèries:
Etiquetes: Afegir etiqueta
Sense etiquetes, Sigues el primer a etiquetar aquest registre!
Thư viện lưu trữ: Trung tâm Học liệu Trường Đại học Cần Thơ
LEADER 00715nam a2200193Ia 4500
001 CTU_33418
008 210402s9999 xx 000 0 und d
082 |a 808.1 
082 |b L406/1997 
100 |a Nguyễn Thị Kim Loan 
245 0 |a Tình yêu muôn vẻ trong thơ Tagore 
245 0 |b Luận văn tốt nghiệp Đại học Sư phạm ngành Ngữ văn khóa 19 
245 0 |c Nguyễn Thị Kim Loan 
260 |a Cần Thơ 
260 |b Trường Đại học Cần Thơ, Khoa Sư phạm, Bộ môn Ngữ văn 
260 |c 1997 
650 |a indian poetry 
904 |i Nguyên Quang Điền, 991027 
980 |a Trung tâm Học liệu Trường Đại học Cần Thơ